Statistics for Classic Nintendo DS Games by Screenshot

Click here to take the quiz!

General Stats

  • This quiz has been taken 210 times
  • The average score is 14 of 20

Answer Stats

Answer% Correct
New Super Mario Bros.
99%
Mario Kart DS
97%
Animal Crossing: Wild World
95%
The Legend of Zelda: Phantom Hourglass
94%
Pokémon Black and White 2
93%
Nintendogs
88%
Cooking Mama
81%
Kirby Super Star Ultra
81%
Mario & Sonic at the Olympic Games
81%
Diddy Kong Racing DS
69%
Mario & Luigi: Partners in Time
69%
Grand Theft Auto: Chinatown Wars
68%
Phoenix Wright: Ace Attorney
68%
Yoshi's Island DS
64%
Professor Layton and the Curious Village
61%
Brain Age: Train Your Brain in Minutes a Day!
57%
WarioWare: Touched!
52%
Dragon Quest IX: Sentinels of the Starry Skies
51%
Inazuma Eleven
34%
Rhythm Heaven
34%

Score Distribution

Percentile by Number Answered

Percent of People with Each Score

Your Score History

You have not taken this quiz